01952nam a2200229 450000500170000000800410001704000440005808200140010210000310011624200380014724500350018525000450022026001200026530000360038549000560042150005860047750505260106350600210158954600230161060000470163365000420168020241212123946.0241212s1921 fr |||fr|||| 001 0dfre d aCO-BoUCMbspacSandra YazodSandra Yazo04220a843.91 aRolland, Romaind1866-1944 aVida de Tolstoi.cRomain Rolland. aVie de TolstoicRomain Rolland aDixième édition = Décima edición aParís (Francia)bLibrairie Hachette ; Imprimerie Paul Brodard [Librería Hachette ; Imprenta Paul Brodard]c1921 a[4], 217 páginasc18 x 12 cm. aVie des hommes illustres [Vida de hombres ilustres] aDetalles físicos: Sin encuadernación original, actualmente, encuadernación rígida (holandesa): cartón forrado en papel jaspeado (marrón). Lomo en tela texturizada, con letras y líneas decorativas en dorado. Guardas. Anteportada. Portada impresa en una sola tinta; grabado con marca tipográfica del editor. Texto impreso en una columna, con diferentes tipos y tamaños de letra. Notas de pie de página. Cortes decorados con jaspeados de color azul. Índice. Papel (ordinario) manchado de amarillo, especialmente en los bordes. Marcas de cinta pegante en el lomo.0 aUna luz que acaba de apagarse ; Historia de mi infancia ; Relatos del Cáucaso ; Los cosacos ; Relatos de Sebastopol ; Tres muertos ; Dicha conyugal ; La guerra y la Paz ; Ana Karenina ; Las Confesiones y la crisis religiosa ; La crisis social: ¿qué debemos hacer? Crítica artística ; Cuentos populares ; El poder de las tinieblas ; La muerte de Iván Illich ; La sonata de Kreutzer ; Resurrección ; Ideario social de Tolstoi ; Su figura tomo los rasgos definitivos ; El combate ha terminado ; Apéndices aConsulta en sala aTexto en francés 0aTolstói, Leónd1828-1910vBiografías 7aLiteratura francesa ySiglos XIX - XX